[Event "IV Weekend B"]
[Site "Recco ITA"]
[Date "2010.11.28"]
[Round "4"]
[White "Simoncini, Francesco"]
[Black "Nicolis, Claudio"]
[Result "0-1"]
[WhiteElo "1525"]
[BlackElo "1835"]
[PlyCount "52"]
[EventDate "2010.11.26"]

1. e4 e6 2. d4 d5 3. e5 c5 4. c3 Nc6 5. Nf3 Nge7 6. Na3 Nf5 7. Nc2 Be7 8. Bd3
O-O 9. dxc5 Bxc5 10. g4 Nh4 11. Bxh7+ Kxh7 12. Ng5+ Kg8 13. Qd3 Ng6 14. Qh3 Re8
15. Qh7+ Kf8 16. b4 Be7 17. h4 Ncxe5 18. Bf4 Nd3+ 19. Kf1 Ndxf4 20. h5 Bxg5 21.
hxg6 Nxg6 22. Rh3 Qf6 23. Nd4 Ke7 24. Rf3 Rh8 25. Qxh8 Nxh8 26. Rxf6 Bxf6 0-1

[Event "IV Weekend B"]
[Site "Recco ITA"]
[Date "2010.11.28"]
[Round "4"]
[White "Vaselli, Luciano"]
[Black "Spinetta, Gianni"]
[Result "0-1"]
[WhiteElo "1732"]
[BlackElo "1604"]
[PlyCount "66"]
[EventDate "2010.11.26"]

1. d4 Nf6 2. c4 e6 3. Nc3 Bb4 4. Qc2 O-O 5. Nf3 d5 6. e3 Nbd7 7. Bd3 c5 8. O-O
cxd4 9. exd4 dxc4 10. Bxc4 b6 11. Be3 Re8 12. Bd3 g6 13. Ne4 Bf8 14. Qd2 Bg7
15. Rac1 Nxe4 16. Bxe4 Rb8 17. Bf4 e5 18. dxe5 Ba6 19. Rfd1 Nc5 20. Bc6 Qxd2
21. Rxd2 Red8 22. Rxd8+ Rxd8 23. Ne1 Rc8 24. Bf3 Rd8 25. b4 Ne6 26. g3 g5 27.
Be3 Bxe5 28. Bg4 h6 29. Bxe6 fxe6 30. h4 gxh4 31. gxh4 Kh7 32. Nf3 Rg8+ 33. Kh1
Bb7 0-1

[Event "IV Weekend B"]
[Site "Recco ITA"]
[Date "2010.11.28"]
[Round "5"]
[White "Bardone, Lorenzo"]
[Black "Drago, Paolo"]
[Result "0-1"]
[WhiteElo "1835"]
[BlackElo "1675"]
[PlyCount "48"]
[EventDate "2010.11.26"]

1. e4 e6 2. d4 d5 3. Nd2 Ne7 4. e5 Nd7 5. Bd3 c5 6. c3 Nc6 7. Ngf3 Be7 8. O-O
O-O 9. Re1 Re8 10. Nf1 f6 11. Bf4 c4 12. Bc2 f5 13. b3 Na5 14. Ne3 g5 15. Nxd5
exd5 16. e6 Nf8 17. Bc1 Bxe6 18. bxc4 Nxc4 19. Ba4 Bd7 20. Rxe7 Qxe7 21. Bxg5
Qf7 22. Bb3 Ng6 23. Bh6 Qf6 24. h4 Nxh4 0-1

[Event "IV Weekend B"]
[Site "Recco ITA"]
[Date "2010.11.28"]
[Round "5"]
[White "Croci, Luigi"]
[Black "Chiappini, Massimo"]
[Result "1/2-1/2"]
[WhiteElo "1615"]
[BlackElo "1434"]
[PlyCount "51"]
[EventDate "2010.11.26"]

1. Nf3 e6 2. g3 d5 3. Bg2 Nf6 4. O-O Bd6 5. d3 O-O 6. Nbd2 c5 7. e4 e5 8. exd5
Nxd5 9. Re1 Nd7 10. Nxe5 N7f6 11. Nec4 Bc7 12. a4 Be6 13. Nf3 h6 14. Nfe5 Bxe5
15. Nxe5 Re8 16. c4 Nb4 17. Bxb7 Rb8 18. Bg2 Bg4 19. f3 Bf5 20. Bf4 Qd4+ 21.
Kh1 Bxd3 22. Nxd3 Nxd3 23. Rxe8+ Rxe8 24. Qf1 Nf2+ 25. Kg1 Nh3+ 26. Kh1 1/2-1/2

[Event "IV Weekend B"]
[Site "Recco ITA"]
[Date "2010.11.28"]
[Round "5"]
[White "Cunsolo, Gianfranco"]
[Black "Cavatorta, Ivan"]
[Result "1/2-1/2"]
[WhiteElo "1639"]
[BlackElo "1815"]
[PlyCount "127"]
[EventDate "2010.11.26"]

1. Nf3 Nf6 2. g3 b6 3. Bg2 Bb7 4. O-O e6 5. c4 Be7 6. Nc3 O-O 7. d4 d6 8. d5 e5
9. e4 Bc8 10. b4 a5 11. Rb1 axb4 12. Rxb4 Na6 13. Ra4 Bd7 14. Ra3 Nc5 15. Qc2
Bg4 16. Nd2 Nfd7 17. f3 Bh5 18. h4 Bg6 19. Bh3 Rxa3 20. Bxa3 Qa8 21. Bb4 h5 22.
Nb3 Qa6 23. Nb5 Ra8 24. Ra1 Qa4 25. Nxc7 Ra7 26. Nb5 Ra8 27. Ba3 Nb8 28. Bxc5
bxc5 29. Bc8 Nc6 30. dxc6 Rxc8 31. c7 d5 32. Nc3 Qxc4 33. Nd2 Qd4+ 34. Kg2 Rxc7
35. Rd1 dxe4 36. Ndxe4 Qc4 37. Qb2 Qb4 38. Qxb4 cxb4 39. Nd5 Rc2+ 40. Rd2 Bxe4
41. Nxe7+ Kf8 42. Rxc2 Bxc2 43. Nc6 b3 44. axb3 Bxb3 45. Nxe5 Bd5 46. Kf2 Ke7
47. Ke3 Ke6 48. Kf4 f6 49. Nd3 Bc4 50. Nc5+ Kd5 51. Ne4 Ke6 52. Ke3 Ke5 53. f4+
Ke6 54. Kd4 Be2 55. Ke3 Bd1 56. Nf2 Bc2 57. Kf3 g5 58. fxg5 fxg5 59. Ne4 Bxe4+
60. Kxe4 g4 61. Kf4 Kf6 62. Ke4 Ke6 63. Kd4 Kd6 64. Ke4 1/2-1/2

[Event "IV Weekend B"]
[Site "Recco ITA"]
[Date "2010.11.28"]
[Round "5"]
[White "Del Canale, Alessandro"]
[Black "Cardona, Paolo"]
[Result "0-1"]
[WhiteElo "1482"]
[BlackElo "1895"]
[PlyCount "88"]
[EventDate "2010.11.26"]

1. d4 d5 2. c4 e6 3. Nc3 f5 4. Nf3 Nf6 5. e3 c6 6. Bd2 Be7 7. cxd5 cxd5 8. Bd3
O-O 9. O-O Nc6 10. Rc1 Bd7 11. Qc2 Ne4 12. a3 Rc8 13. Qd1 Be8 14. Ne5 Nxe5 15.
dxe5 Nxd2 16. Qxd2 Bh5 17. Ne2 Kh8 18. Nd4 Bf7 19. b4 a6 20. Bb1 Qd7 21. Qd3 g6
22. f4 Rc7 23. Qd2 Rfc8 24. Rc2 Rxc2 25. Bxc2 Qc7 26. Rc1 Qc3 27. Nb3 Kg7 28.
Kf2 Be8 29. Qxc3 Rxc3 30. Bd1 Rxc1 31. Nxc1 a5 32. Nd3 b6 33. bxa5 bxa5 34. a4
Ba3 35. Ke2 h6 36. Kd2 Bc6 37. g3 Bb7 38. Bc2 g5 39. Ke2 gxf4 40. Kf2 h5 41.
Ke2 Ba6 42. Kd2 Kf7 43. Nc1 Bb4+ 44. Kd1 Bc4 0-1

[Event "IV Weekend B"]
[Site "Recco ITA"]
[Date "2010.11.28"]
[Round "5"]
[White "Gandolfi, Gianfranco"]
[Black "Gnetti, Pietro"]
[Result "0-1"]
[WhiteElo "1848"]
[BlackElo "1672"]
[PlyCount "33"]
[EventDate "2010.11.26"]

1. e4 e5 2. Nf3 Nc6 3. d4 exd4 4. Bc4 Bc5 5. c3 d6 6. cxd4 Bb4+ 7. Bd2 Bxd2+ 8.
Qxd2 Bg4 9. Ng5 Bh5 10. d5 Ne5 11. Bb5+ c6 12. dxc6 bxc6 13. Ba4 Nf6 14. Nc3
O-O 15. Bb3 h6 16. Nh3 Qd7 17. O-O 0-1

[Event "IV Weekend B"]
[Site "Recco ITA"]
[Date "2010.11.28"]
[Round "5"]
[White "Giostra, Lorenzo"]
[Black "Gnetti, Paolo"]
[Result "1/2-1/2"]
[WhiteElo "1524"]
[BlackElo "1770"]
[PlyCount "47"]
[EventDate "2010.11.26"]

1. d4 d5 2. c4 c6 3. Nc3 e6 4. e3 Nf6 5. a3 Nbd7 6. Nf3 Bd6 7. Bd3 dxc4 8. Bxc4
b6 9. Bd3 O-O 10. O-O a6 11. Ne4 Bb8 12. Qc2 Qc7 13. Bd2 Ng4 14. Ng3 Ndf6 15.
Rac1 Bb7 16. Bb4 Re8 17. Bc3 c5 18. dxc5 e5 19. Be2 Qxc5 20. Bb4 Qxc2 21. Rxc2
Ba7 22. Rc7 Bd5 23. h3 Nh6 24. Rfc1 1/2-1/2

[Event "IV Weekend B"]
[Site "Recco ITA"]
[Date "2010.11.28"]
[Round "5"]
[White "Grieco, Claudio"]
[Black "Creola, Aurelio"]
[Result "1/2-1/2"]
[WhiteElo "1419"]
[BlackElo "1501"]
[PlyCount "75"]
[EventDate "2010.11.26"]

1. d4 g6 2. c4 Bg7 3. Nc3 d6 4. Nf3 h6 5. e4 e6 6. Be2 Ne7 7. O-O b6 8. Bf4 Bb7
9. Rc1 Nd7 10. d5 e5 11. Be3 Nf6 12. h3 Bc8 13. Qd2 g5 14. Nh2 Ng6 15. Qd1 Nf4
16. Bxf4 gxf4 17. Ng4 Nxg4 18. Bxg4 Bxg4 19. Qxg4 Qg5 20. Qxg5 hxg5 21. Nb5 Kd7
22. f3 a6 23. Nc3 Rac8 24. a4 Bf6 25. b4 Bd8 26. b5 a5 27. Ne2 Be7 28. g3 Rhf8
29. Kf2 Rh8 30. Rh1 Rcg8 31. Rce1 Rh7 32. gxf4 exf4 33. Nxf4 Bf6 34. Ne2 Rgh8
35. Kg2 Be5 36. Rd1 Rf8 37. Rdf1 f5 38. Rf2 1/2-1/2

[Event "IV Weekend B"]
[Site "Recco ITA"]
[Date "2010.11.28"]
[Round "5"]
[White "Guarino, Vincenzo"]
[Black "Neuhold, Piero"]
[Result "0-1"]
[WhiteElo "1401"]
[BlackElo "1638"]
[PlyCount "56"]
[EventDate "2010.11.26"]

1. e4 c5 2. c3 d6 3. Nf3 Nc6 4. Be2 Nf6 5. Qc2 g6 6. O-O Bg4 7. h3 Bxf3 8. Bxf3
Ne5 9. Be2 Bg7 10. f4 Nc6 11. d3 O-O 12. Be3 b6 13. Bf3 e5 14. Nd2 exf4 15. e5
dxe5 16. Bxc6 Rc8 17. Bxf4 exf4 18. Bb5 Nd5 19. Nc4 Ne3 20. Nxe3 fxe3 21. Rae1
Bh6 22. Qe2 Qd6 23. Rd1 Bf4 24. d4 Bh6 25. Qf3 Rc7 26. Qf6 Qxf6 27. Rxf6 cxd4
28. cxd4 Bg7 0-1

[Event "IV Weekend B"]
[Site "Recco ITA"]
[Date "2010.11.28"]
[Round "5"]
[White "Jovanovic, Goran"]
[Black "Pesce, Leandro"]
[Result "0-1"]
[WhiteElo "1665"]
[BlackElo "1777"]
[PlyCount "66"]
[EventDate "2010.11.26"]

1. e4 c5 2. Nf3 Nc6 3. d4 cxd4 4. Nxd4 e5 5. Nxc6 bxc6 6. Bc4 Nf6 7. Nc3 Be7 8.
Bg5 d6 9. Bxf6 Bxf6 10. O-O O-O 11. f4 exf4 12. Rxf4 Be5 13. Bxf7+ Rxf7 14.
Rxf7 Kxf7 15. Qh5+ Kg8 16. Rf1 Be6 17. Rf3 Qd7 18. b3 Rf8 19. Nd1 Rxf3 20. gxf3
Qf7 21. Qxf7+ Kxf7 22. c4 Bd4+ 23. Kg2 d5 24. exd5 cxd5 25. cxd5 Bxd5 26. Kg3
g6 27. Nf2 Bxf2+ 28. Kxf2 Ke6 29. h4 Kf5 30. Kg3 h5 31. Kg2 Kf4 32. Kf2 Bxf3
33. a4 Bd1 0-1

[Event "IV Weekend B"]
[Site "Recco ITA"]
[Date "2010.11.28"]
[Round "5"]
[White "Manini, Paolo"]
[Black "Militello, Michele"]
[Result "1/2-1/2"]
[WhiteElo "1776"]
[BlackElo "1817"]
[PlyCount "90"]
[EventDate "2010.11.26"]

1. d4 d6 2. c4 Nf6 3. Nc3 Nbd7 4. e4 e5 5. Nf3 Be7 6. Be2 h6 7. O-O c6 8. Ne1
a6 9. Be3 b5 10. a3 Bb7 11. f4 O-O 12. dxe5 dxe5 13. f5 Nc5 14. Qc2 Qc7 15. b4
Ncd7 16. c5 a5 17. Nd3 Nh7 18. Rfd1 axb4 19. axb4 Ra6 20. Rxa6 Bxa6 21. Ra1 Ra8
22. Ra5 Qc8 23. Qa2 Bd8 24. Ra3 Bb7 25. Rxa8 Qxa8 26. Qxa8 Bxa8 27. g3 Bc7 28.
Bd1 Bb7 29. Bb3 Kf8 30. Kf2 Ke7 31. g4 f6 32. h4 Ndf8 33. Kg3 Ke8 34. Nd1 Bd8
35. N1f2 Nd7 36. Nh3 Kf8 37. Ne1 Nb8 38. Nf3 Na6 39. Bd2 Bc8 40. h5 Bd7 41. Nh4
Be8 42. Be6 Ng5 43. Nxg5 hxg5 44. Ng6+ Bxg6 45. fxg6 Nb8 1/2-1/2

[Event "IV Weekend B"]
[Site "Recco ITA"]
[Date "2010.11.28"]
[Round "5"]
[White "Nanni, Sergio"]
[Black "Diena, Giovanni"]
[Result "0-1"]
[WhiteElo "1700"]
[BlackElo "1844"]
[PlyCount "79"]
[EventDate "2010.11.26"]

1. e4 e5 2. Nf3 Nc6 3. Bc4 Nf6 4. Ng5 d5 5. exd5 Na5 6. Bb5+ c6 7. dxc6 bxc6 8.
Be2 h6 9. Nh3 Nd5 10. d4 Bd6 11. c4 Nf6 12. c5 Bc7 13. b4 Nb7 14. Bb2 exd4 15.
Bxd4 O-O 16. Ng1 Qe7 17. Nf3 Bf5 18. O-O Rad8 19. Nbd2 Nd5 20. a3 a5 21. Ba6
Bb8 22. Re1 Qd7 23. Ne5 Qc7 24. Bxb7 Qxb7 25. Ra2 axb4 26. Rb2 Nf4 27. Rxb4 Qc7
28. Ndf3 f6 29. Qb3+ Nd5 30. Rb7 Qc8 31. Nc4 Be6 32. Rb1 Bc7 33. Ba1 Bd7 34.
Qd3 g6 35. Nd6 Bxd6 36. cxd6 Rfe8 37. Nh4 Re6 38. Nf3 Nf4 39. Qc4 Qxb7 40. Rxb7
0-1

[Event "IV Weekend B"]
[Site "Recco ITA"]
[Date "2010.11.28"]
[Round "5"]
[White "Pedemonte, Claudio"]
[Black "Migliorini, Matteo"]
[Result "0-1"]
[WhiteElo "1834"]
[BlackElo "1789"]
[PlyCount "84"]
[EventDate "2010.11.26"]

1. c4 c6 2. d4 d5 3. Nf3 Nf6 4. Nc3 a6 5. cxd5 cxd5 6. h3 Nc6 7. Bf4 Bf5 8. e3
e6 9. Be2 Be7 10. O-O O-O 11. Nh4 Bg6 12. Nxg6 hxg6 13. Rc1 Rc8 14. Qd2 Na5 15.
b3 Ba3 16. Rc2 Nc6 17. Nb1 Ne4 18. Qd1 Be7 19. f3 Nf6 20. a3 Nh5 21. Bh2 Bd6
22. f4 Nf6 23. Bd3 Qe7 24. Qc1 Rc7 25. Bxa6 Nxd4 26. Rxc7 Qxc7 27. Qxc7 Bxc7
28. exd4 bxa6 29. Rc1 Bb6 30. Rc6 Bxd4+ 31. Kf1 Rb8 32. b4 a5 33. f5 e5 34.
fxg6 fxg6 35. Nd2 axb4 36. axb4 Rxb4 37. Rd6 Rc4 38. Nf3 Rc2 39. Ng5 Rc7 40.
Nf3 Bc5 41. Re6 e4 42. Ne5 Be3 0-1

[Event "IV Weekend B"]
[Site "Recco ITA"]
[Date "2010.11.28"]
[Round "5"]
[White "Penna, Tommaso"]
[Black "Restifo, Katiuscia"]
[Result "1-0"]
[WhiteElo "1733"]
[BlackElo "1829"]
[PlyCount "79"]
[EventDate "2010.11.26"]

1. c4 e5 2. g3 Nf6 3. Bg2 Bc5 4. Nc3 O-O 5. Nf3 Re8 6. Nxe5 Bxf2+ 7. Kxf2 Rxe5
8. e4 d6 9. Rf1 Bg4 10. Qb3 Bc8 11. d4 Re8 12. Bf4 Nc6 13. Rad1 Qe7 14. Kg1 Bh3
15. Rd2 Nh5 16. Nd5 Qd7 17. c5 Nxf4 18. Rxf4 Be6 19. Qf3 Bxd5 20. exd5 Qe7 21.
Re4 Qxe4 22. Qxe4 Rxe4 23. Bxe4 Ne7 24. Re2 f5 25. Bg2 Kf7 26. b4 a6 27. Kf2
Re8 28. a4 Nc8 29. Re6 dxc5 30. dxc5 b6 31. Rc6 bxc5 32. Rxc7+ Kf6 33. bxc5 Ne7
34. d6 Ng6 35. d7 Rd8 36. Rb7 Ne5 37. c6 Nd3+ 38. Ke3 Nc5 39. Rb6 Nxa4 40. c7+
1-0

[Event "IV Weekend B"]
[Site "Recco ITA"]
[Date "2010.11.28"]
[Round "5"]
[White "Pieri, Enzo"]
[Black "Rossi Cassani, Gianni"]
[Result "0-1"]
[WhiteElo "1740"]
[BlackElo "1796"]
[PlyCount "74"]
[EventDate "2010.11.26"]

1. d4 Nf6 2. Nf3 c5 3. e3 b6 4. Bd3 Bb7 5. c3 d6 6. Nbd2 g6 7. O-O Bg7 8. e4
O-O 9. d5 e6 10. c4 exd5 11. exd5 Na6 12. a3 Nc7 13. Rb1 a6 14. b4 b5 15. bxc5
dxc5 16. Ne4 Nxe4 17. Bxe4 Ra7 18. Be3 Qd6 19. g3 Rd8 20. Qc2 Bf8 21. Bf4 Qb6
22. Ne5 Ne8 23. Nc6 Bxc6 24. dxc6 Bd6 25. Be3 Nf6 26. Bg2 Ng4 27. Bg5 Be7 28.
Bxe7 Rxe7 29. f4 Ne3 30. Qe2 Rde8 31. Rbe1 Nxg2 32. Qxe7 Rxe7 33. Rxe7 Qxc6 34.
cxb5 axb5 35. Re2 Nxf4 36. gxf4 Qf3 37. Re8+ Kg7 0-1

[Event "IV Weekend B"]
[Site "Recco ITA"]
[Date "2010.11.28"]
[Round "5"]
[White "Porzio, Massimo"]
[Black "Mirata, Danilo"]
[Result "1/2-1/2"]
[WhiteElo "1838"]
[BlackElo "1770"]
[PlyCount "60"]
[EventDate "2010.11.26"]

1. d4 Nf6 2. Nf3 e6 3. Bf4 c5 4. c3 Nc6 5. e3 d5 6. Nbd2 Be7 7. h3 O-O 8. Bd3
Bd7 9. O-O Rc8 10. Ne5 cxd4 11. exd4 Qb6 12. Qb3 Qxb3 13. axb3 a6 14. Ndf3 Nxe5
15. Nxe5 Bc6 16. Rfe1 Nd7 17. Nxc6 Rxc6 18. b4 Bd6 19. b5 axb5 20. Bxd6 Rxd6
21. Bxb5 Nf6 22. Bd3 Rb6 23. Ra2 g6 24. Kf1 Ne8 25. Ke2 Nd6 26. Kd2 Rc6 27.
Rea1 Rb6 28. Kc2 Rc8 29. Ra8 Rxa8 30. Rxa8+ Kg7 1/2-1/2

[Event "IV Weekend B"]
[Site "Recco ITA"]
[Date "2010.11.28"]
[Round "5"]
[White "Ruo, Andrea"]
[Black "Vaselli, Luciano"]
[Result "0-1"]
[WhiteElo "1347"]
[BlackElo "1732"]
[PlyCount "114"]
[EventDate "2010.11.26"]

1. e4 c5 2. Nf3 d6 3. d4 cxd4 4. Nxd4 Nf6 5. Nc3 a6 6. Bg5 e6 7. f4 Be7 8. Qf3
Nbd7 9. Bd3 Qc7 10. O-O-O Nc5 11. Rhe1 b5 12. e5 Bb7 13. Qg3 dxe5 14. fxe5
O-O-O 15. exf6 gxf6 16. Qxc7+ Kxc7 17. Bh4 Rxd4 18. Bg3+ Bd6 19. Bxb5 Rxd1+ 20.
Rxd1 Bxg3 21. hxg3 axb5 22. Nxb5+ Kc6 23. Nd4+ Kb6 24. b4 Ne4 25. Rf1 Rg8 26.
Rf3 Rxg3 27. Rxg3 Nxg3 28. c4 e5 29. c5+ Kc7 30. Nf3 Bxf3 31. gxf3 Ne2+ 32. Kd2
Nd4 33. Kd3 Nxf3 34. a4 Nd4 35. Kc4 h5 36. b5 h4 37. a5 h3 38. a6 h2 39. b6+
Kb8 40. c6 Nxc6 41. Kb5 h1=Q 42. Kc5 Qc1+ 43. Kd6 Nb4 44. a7+ Ka8 45. b7+ Kxa7
46. b8=Q+ Kxb8 47. Ke7 Qc4 48. Kxf6 Qe6+ 49. Kg7 Nc6 50. Kf8 Nd4 51. Kg7 Nf5+
52. Kf8 Nd4 53. Kg7 Nf5+ 54. Kf8 Kc8 55. Kg8 Kd8 56. Kh7 Qh6+ 57. Kg8 Qg7# 0-1

[Event "IV Weekend B"]
[Site "Recco ITA"]
[Date "2010.11.28"]
[Round "5"]
[White "Ruo, Valentina"]
[Black "Franchetti Pardo, Niccolo'"]
[Result "1/2-1/2"]
[WhiteElo "1428"]
[BlackElo "1467"]
[PlyCount "45"]
[EventDate "2010.11.26"]

1. e4 e6 2. d4 d5 3. e5 c5 4. Nf3 Nc6 5. Bb5 Bd7 6. Nc3 Qb6 7. O-O cxd4 8. Nxd4
Nxd4 9. Be3 Bc5 10. Bxd7+ Kxd7 11. Na4 Qc6 12. Nxc5+ Qxc5 13. Bxd4 Qe7 14. Qd3
a6 15. Qg3 f5 16. exf6 Nxf6 17. Qc3 Rac8 18. Qb3 Ke8 19. Qa4+ Kf7 20. b4 Rc4
21. Bc5 Qxc5 22. c3 Qc7 23. Rfe1 1/2-1/2

[Event "IV Weekend B"]
[Site "Recco ITA"]
[Date "2010.11.28"]
[Round "5"]
[White "Sabba, Giorgio"]
[Black "Simoncini, Francesco"]
[Result "0-1"]
[WhiteElo "1819"]
[BlackElo "1525"]
[PlyCount "73"]
[EventDate "2010.11.26"]

1. e4 e5 2. Nf3 Nc6 3. Bb5 a6 4. Ba4 Nf6 5. O-O Be7 6. Re1 b5 7. Bb3 O-O 8. a4
b4 9. d3 d6 10. h3 Na5 11. Ba2 c5 12. Nbd2 Be6 13. Bxe6 fxe6 14. b3 Qe8 15. Bb2
Nh5 16. Nf1 Nf4 17. Ng3 Qf7 18. Ne2 Nxh3+ 19. Kf1 Bh4 20. Ng3 Nxf2 21. Kxf2 Qf4
22. Rf1 Qxg3+ 23. Kg1 Rf4 24. Qe2 Rg4 25. Nxh4 Rxh4 26. Rf3 Qh2+ 27. Kf2 Rf4
28. Ke1 Rxf3 29. gxf3 Qxe2+ 30. Kxe2 Kf7 31. Rg1 Nc6 32. f4 Nd4+ 33. Kd1 exf4
34. c3 bxc3 35. Bxc3 e5 36. b4 cxb4 37. Bxb4 0-1

[Event "IV Weekend B"]
[Site "Recco ITA"]
[Date "2010.11.28"]
[Round "5"]
[White "Spinetta, Gianni"]
[Black "Cecchi, Giuseppe"]
[Result "0-1"]
[WhiteElo "1604"]
[BlackElo "1762"]
[PlyCount "138"]
[EventDate "2010.11.26"]

1. c4 Nf6 2. Nc3 d6 3. d4 g6 4. Bg5 h6 5. Bxf6 exf6 6. e3 Bg7 7. Bd3 O-O 8. Nf3
Nc6 9. a3 Ne7 10. O-O b6 11. Be4 Rb8 12. Qc2 f5 13. Bd3 Bb7 14. e4 fxe4 15.
Bxe4 Bxe4 16. Nxe4 f5 17. Nc3 Nc6 18. Rad1 Qf6 19. Nd5 Qf7 20. b4 Nd8 21. Rfe1
Re8 22. Rxe8+ Qxe8 23. Nxc7 Qd7 24. Nd5 Ne6 25. Qd2 Qb7 26. Re1 Re8 27. Nf4 Qf7
28. h3 Kf8 29. Nd5 Qb7 30. Nf4 Qf7 31. d5 Nc7 32. Rxe8+ Qxe8 33. Qe3 Qxe3 34.
fxe3 Kf7 35. Nd4 g5 36. Nfe6 Nxe6 37. Nxe6 Bb2 38. a4 Ba3 39. b5 Ke7 40. Kf2
Bb2 41. Kf3 Be5 42. g4 fxg4+ 43. Kxg4 Kf7 44. Kf5 Bf6 45. Nc7 h5 46. Ke4 Kg6
47. Ne6 Be7 48. Nd4 g4 49. hxg4 h4 50. Nf5 Bg5 51. Nxd6 h3 52. Kf3 Bxe3 53. Ne4
h2 54. Kg2 Bf4 55. Nf2 Bd6 56. Kf3 Kg5 57. Kg2 Be5 58. Nd3 Bd6 59. Ne1 Kxg4 60.
Nf3 h1=Q+ 61. Kxh1 Kxf3 62. Kg1 Ke3 63. Kg2 Kd3 64. Kf3 Kxc4 65. Ke4 Kb4 66.
Kf5 Kxa4 67. Ke6 Bh2 68. Kd7 Kxb5 69. d6 Bxd6 0-1

[Event "IV Weekend B"]
[Site "Recco ITA"]
[Date "2010.11.28"]
[Round "5"]
[White "Squarci, Franco"]
[Black "Orlandi, Paolo"]
[Result "1-0"]
[WhiteElo "1796"]
[BlackElo "1605"]
[PlyCount "87"]
[EventDate "2010.11.26"]

1. d4 Nf6 2. Nf3 g6 3. Nbd2 d5 4. e3 Bg7 5. Be2 O-O 6. h4 Nbd7 7. Nh2 c5 8. c3
cxd4 9. exd4 e5 10. h5 exd4 11. cxd4 Nb6 12. Kf1 Be6 13. Ng4 Nc4 14. Nxc4 dxc4
15. Bg5 Bxg4 16. Bxg4 Qd5 17. Bxf6 Bxf6 18. Bf3 Qxd4 19. Qxd4 Bxd4 20. Rb1 Rab8
21. Rh4 Rfd8 22. hxg6 hxg6 23. Re4 b5 24. Re7 Bc5 25. Re5 Bd4 26. Re4 Bf6 27.
a4 c3 28. bxc3 Bxc3 29. Rxb5 Rxb5 30. axb5 Bd4 31. Re7 Bb6 32. g3 Rd2 33. Be2
Rd6 34. Bc4 Rf6 35. Re2 Kf8 36. Kg2 Rd6 37. Rc2 Rd7 38. Be2 Rc7 39. Rc6 Ke7 40.
Bc4 f6 41. Re6+ Kd7 42. Re4 Rc5 43. Bf7 Rxb5 44. Be8+ 1-0

[Event "IV Weekend B"]
[Site "Recco ITA"]
[Date "2010.11.28"]
[Round "5"]
[White "Tagliano, Maurizio"]
[Black "Bario, Emilio"]
[Result "1-0"]
[WhiteElo "1833"]
[BlackElo "1694"]
[PlyCount "69"]
[EventDate "2010.11.26"]

1. Nf3 d5 2. d4 Nf6 3. c4 c6 4. g3 e6 5. Bg2 Be7 6. O-O Nbd7 7. Nc3 O-O 8. Qc2
Re8 9. e4 dxe4 10. Nxe4 Nxe4 11. Qxe4 Nf6 12. Qc2 Bf8 13. Bg5 g6 14. Rad1 Bg7
15. Qc1 Qa5 16. Ne5 Nd7 17. Nf3 f6 18. Bh6 Bxh6 19. Qxh6 Qxa2 20. Qc1 Qa5 21.
Rfe1 Nf8 22. Re3 Bd7 23. Nd2 Qc7 24. Nb3 b6 25. Rde1 Rad8 26. Nd2 Kg7 27. Qc3
h6 28. b4 Bc8 29. c5 bxc5 30. bxc5 Qd7 31. Nc4 Qxd4 32. Qxd4 Rxd4 33. Nd6 Re7
34. Bxc6 Rc7 35. Nb5 1-0

[Event "X Open Alto Sangro A"]
[Site "Castel di Sangro ITA"]
[Date "2010.12.03"]
[Round "1"]
[White "Andreoli, Mark"]
[Black "Martingano, Giuseppe"]
[Result "1-0"]
[WhiteElo "1995"]
[BlackElo "1708"]
[PlyCount "61"]
[EventDate "2010.12.03"]

1. e4 d5 2. Nf3 dxe4 3. Ng5 e5 4. Nxe4 Bf5 5. Ng3 Qd7 6. Nxf5 Qxf5 7. Bc4 Nc6
8. O-O O-O-O 9. d3 h5 10. Nc3 Bc5 11. Be3 Bd4 12. Qd2 Nge7 13. Bxd4 Nxd4 14. f4
f6 15. fxe5 Qxe5 16. Rae1 Qc5 17. Qf2 Nec6 18. Ne4 Qf8 19. c3 f5 20. Ng5 Qf6
21. Nf7 b5 22. Nxd8 Rxd8 23. cxd4 bxc4 24. dxc4 Qxd4 25. Qxd4 Nxd4 26. Re7 g6
27. Rg7 Rd6 28. Re1 a5 29. Re5 Nc6 30. Rd5 Ne5 31. Rxe5 1-0

[Event "X Open Alto Sangro A"]
[Site "Castel di Sangro ITA"]
[Date "2010.12.03"]
[Round "1"]
[White "Bottega, Antonio"]
[Black "Vena, Antonio"]
[Result "1-0"]
[WhiteElo "1956"]
[BlackElo "1599"]
[PlyCount "117"]
[EventDate "2010.12.03"]

1. e4 e5 2. Nf3 Nc6 3. Bb5 Nd4 4. Nxd4 exd4 5. O-O Bc5 6. Qh5 Qe7 7. d3 Nf6 8.
Qh4 h6 9. f4 c6 10. Bc4 d5 11. exd5 Nxd5 12. Re1 Ne3 13. Qxe7+ Kxe7 14. c3 Kf6
15. Bxe3 dxe3 16. d4 Bd6 17. g3 Re8 18. Nd2 Bf5 19. Nf3 Be6 20. Bxe6 Rxe6 21.
Ne5 Bxe5 22. fxe5+ Kg5 23. Re2 f6 24. exf6 Kxf6 25. Rae1 Rae8 26. Kg2 Kg5 27.
Rf1 R6e7 28. Rf4 a5 29. Kf3 h5 30. h4+ Kg6 31. Kg2 b5 32. b3 a4 33. Rf3 axb3
34. axb3 Re4 35. b4 R4e7 36. Kf1 Kh6 37. Kg2 Kg6 38. Rf4 Re4 39. Rf1 R4e7 40.
Rf3 Re4 41. Kf1 Kh6 42. Rf5 R4e6 43. d5 cxd5 44. Rxd5 Re5 45. Rxe5 Rxe5 46. Kg2
Kg6 47. Kf3 Kf5 48. Rxe3 Rxe3+ 49. Kxe3 Ke5 50. Kd3 Kd5 51. Ke3 Kc4 52. Kd2 Kd5
53. Kd3 g6 54. Kd2 Ke6 55. Ke3 Ke5 56. Kd3 Kd5 57. c4+ bxc4+ 58. Kc3 Kc6 59.
Kxc4 1-0

[Event "X Open Alto Sangro A"]
[Site "Castel di Sangro ITA"]
[Date "2010.12.03"]
[Round "1"]
[White "Bruno, Fabio"]
[Black "Vena, Alessio"]
[Result "1-0"]
[WhiteElo "2465"]
[BlackElo "1884"]
[PlyCount "109"]
[EventDate "2010.12.03"]

1. d4 Nf6 2. Nf3 g6 3. Bg5 Bg7 4. e3 d6 5. Be2 Nbd7 6. c4 O-O 7. Nc3 c6 8. h3
Qc7 9. O-O e5 10. Rc1 a6 11. Qd2 h6 12. Bh4 Re8 13. Rfd1 e4 14. Nh2 Qa5 15.
Nxe4 Qxd2 16. Nxd2 c5 17. Bf3 Rb8 18. Bg3 Bf8 19. Nb1 b6 20. Nc3 Bb7 21. dxc5
Bxf3 22. Nxf3 bxc5 23. b3 Ne5 24. Nxe5 dxe5 25. f3 Rb7 26. e4 Nh5 27. Bf2 Nf4
28. Kf1 Ne6 29. Rd5 Nd4 30. Na4 Rc7 31. Bxd4 exd4 32. Re1 Re6 33. Ke2 Bd6 34.
Kd3 f6 35. Rf1 g5 36. h4 Kg7 37. hxg5 hxg5 38. Rh1 a5 39. Rh5 Rc6 40. Kc2 Re5
41. Nb2 Rxd5 42. cxd5 Ra6 43. a4 Bg3 44. Nc4 Bh4 45. f4 Ra8 46. g4 Kg6 47. e5
Rd8 48. d6 fxe5 49. Nxe5+ Kf6 50. Rh6+ Kg7 51. Rg6+ Kh7 52. f5 Bg3 53. Nf7 Rd7
54. Nxg5+ Kh8 55. Ne4 1-0

[Event "X Open Alto Sangro A"]
[Site "Castel di Sangro ITA"]
[Date "2010.12.03"]
[Round "1"]
[White "Carannante, Biagio"]
[Black "Varvaglione, Antonio"]
[Result "0-1"]
[WhiteElo "1389"]
[BlackElo "1915"]
[PlyCount "70"]
[EventDate "2010.12.03"]

1. e4 c5 2. Bc4 d6 3. d3 Nc6 4. c3 g6 5. Nf3 Bg7 6. Ng5 e6 7. Qf3 Ne5 8. Qf4
Bh6 9. h4 f6 10. Bb5+ Bd7 11. Bxd7+ Qxd7 12. Qg3 fxg5 13. hxg5 Bg7 14. Bf4 Ne7
15. Nd2 Qb5 16. Bxe5 Bxe5 17. f4 Bg7 18. Nb3 a5 19. Qf2 a4 20. Nc1 a3 21. b3
Bxc3+ 22. Ke2 Bxa1 23. Kf3 Bb2 24. Ne2 Qxd3+ 25. Qe3 Qxe3+ 26. Kxe3 O-O-O 27.
f5 exf5 28. exf5 Nxf5+ 29. Kf4 Rde8 30. Re1 Nd4 31. Kg4 Nxe2 32. Rd1 Rhf8 33.
Rxd6 Rf4+ 34. Kh3 Re3+ 35. Kh2 Rh4# 0-1

[Event "X Open Alto Sangro A"]
[Site "Castel di Sangro ITA"]
[Date "2010.12.03"]
[Round "1"]
[White "Cullen, Anthony P."]
[Black "Stoja, Rocco"]
[Result "1-0"]
[WhiteElo "2150"]
[BlackElo "1776"]
[PlyCount "73"]
[EventDate "2010.12.03"]

1. e4 d6 2. d4 Nf6 3. Nc3 Nbd7 4. Nf3 e5 5. Bc4 Be7 6. O-O O-O 7. dxe5 dxe5 8.
Qe2 c6 9. a4 Qc7 10. Bg5 Nc5 11. h3 Ne6 12. Be3 Nh5 13. g3 Nf6 14. Kg2 Nc5 15.
Ng5 h6 16. Nxf7 Rxf7 17. Bxf7+ Kxf7 18. Bxc5 Qd7 19. Rh1 b6 20. Bxe7 Qxe7 21.
Rad1 Qe6 22. Rd2 Bd7 23. g4 g5 24. Rhd1 Rh8 25. f3 h5 26. Qd3 hxg4 27. hxg4 Kg7
28. Qd6 Qc4 29. Qxe5 Be6 30. Rd4 Qa6 31. Qc7+ Kg6 32. Qxc6 Qa5 33. Qb5 Bxg4 34.
fxg4 Nxg4 35. Rd6+ Nf6 36. Qxa5 bxa5 37. e5 1-0